Sports Quiz

Random Sports Quiz
Score 0/40 Timer 10:00
0 Plays Today
Initials Player Name % Correct
R.V. Rick Vaive
94.5%
B.S.Borje Salming
90.9%
G.L.Gary Leeman
89.1%
D.S.Darryl Sittler
85.5%
J.A.John Anderson
83.6%
E.O.Eddie Olczyk
80%
D.D.Daniel Daoust
80%
W.C.Wendel Clark
80%
V.D.Vincent Damphousse
78.2%
T.F.Tom Fergus
76.4%
A.I.Al Iafrate
76.4%
R.C.Russ Courtnall
72.7%
B.D.Bill Derlago
70.9%
M.F.Miroslav Frycer
69.1%
W.P.Wilf Paiement
69.1%
S.T.Steve Thomas
67.3%
I.T.Ian Turnbull
65.5%
D.M.Daniel Marois
63.6%
P.I.Peter Ihnacak
58.2%
M.O.Mark Osborne
58.2%
Initials Player Name % Correct
J.B.Jim Benning
58.2%
T.G.Todd Gill
56.4%
T.K.Tom Kurvers
49.1%
M.S.Marian Stastny
43.6%
A.S.Al Secord
40%
W.P.Walt Poddubny
38.2%
T.M.Terry Martin
36.4%
G.N.Gary Nylund
36.4%
G.G.Gaston Gingras
36.4%
R.R.Rene Robert
36.4%
L.B.Laurie Boschman
32.7%
G.T.Greg Terrion
29.1%
J.K.Jim Korn
29.1%
D.M.Daniel Maloney
27.3%
R.S.Rocky Saganiuk
23.6%
D.F.Dave Farrish
23.6%
R.L.Rick Lanz
23.6%
D.R.Dave Reid
20%
P.H.Pat Hickey
18.2%
S.G. or R.G.Robert 'Stew' Gavin
18.2%
Remove Ads.
Support Sporcle.
Get the best of Sporcle when you Go Orange. This ad-free experience offers more features, more stats, and more fun while also helping to support Sporcle. Thank you for becoming a member.

You're not logged in!

Compare scores with friends on all Sporcle quizzes.
OR
Log In

Show Comments

Extras

Top Quizzes Today


Score Distribution

Your Account Isn't Verified!

In order to create a playlist on Sporcle, you need to verify the email address you used during registration. Go to your Sporcle Settings to finish the process.

Report this User

Report this user for behavior that violates our Community Guidelines.

Details: